00381nam a2200121Ia 4500008004100000100002300041245005400064245002300118260005900141650001800200650001500218856002600233170221s9999 xx 000 0 und d aSvetlana Shumakova aCircus Art: An Aspect of Cross-Cultural Dialogue  cSvetlana Shumakova bOnline Journal of Communication and Media Technologies xCommunication xMedia Arts uhttp://www.ojcmt.net/